000
00261 a2200085 4500
082
_a
624.1513 SOI
245
_a
Soil Dynamics and Special Design Aspects/
_c
Department of Defense
260
_a
USA :
_b
Department of Defense
_c
1983
300
_a
xii, 144p. :
_b
ill. ;
_c
28 cm
650
_a
Soil Dynamics
999
_c
1019
_d
1019